000
00219nam a22000857a 4500
008
160921b xxu||||| |||| 00| 0 eng d
100
_9
694
_a
Hill N
245
_a
Road to Success
260
_a
New Delhi
_b
National Book Trust
_c
2012
999
_c
3351
_d
3351